As Aventuras de Huckleberry Finn (Registo nº 541)

Detalhes MARC
000 -Etiqueta do registo
Cabeçalho 00748nam0a2200241 4500
005 - Identificador da versão
Campo de controlo 20240813121805.0
010 ## - Número internacional normalizado dos livros (ISBN)
Número (ISBN) 8497897455
100 ## - Dados gerais de processamento
Dados gerais de processamento 20160609d2004 a e0pory5003 ba
102 ## - Pais de publicação ou produção
País de publicação Portugal
101 1# - Língua de publicação
Língua do texto, banda sonora, etc. Português
Língua do documento no original Inglês
215 ## - Descrição física 
Indicação específica da natureza do documento e extensão da espécie 400 p
200 1# - Titulo e menção de responsabilidade
Título próprio As Aventuras de Huckleberry Finn
Primeira menção de responsabilidade Mark Twain
225 2# - Colecção 
Título próprio da colecção Geração Público
Indicação de volume 21
210 ## - Publicação, Distribuição, etc. 
Lugar da edição, distribuição, etc. Porto
Nome do editor, distribuidor, etc. Público Comunicação Social
Data da publicação, distribuição, etc. cop. 2004
314 ## - Notas relativas a responsabilidade intelectual 
Texto da nota Mark Twain é pseudónimo de Samuel Langhorne Clemens
606 ## - Nome comum usado como assunto
Número de registo de entrada de autoridade 0002775
Palavra de ordem Literatura americana
Subdivisão de assunto Romances de aventuras
Código do sistema CA
675 ## - Classificação Decimal Universal (CDU)
Notação 821.111(73)-311.3
Edição 3ª ed.
Língua da edição por
700 #1 - Nome de autor-pessoa física (responsabilidade principal)
Número de registo de entrada de autoridade 0002962
Palavra de ordem Twain
Outra parte do nome não tomada para palavra de ordem Mark
Elementos de identificação ou distinção pseud.
Datas 1835-1910
966 ## - Identificação da Biblioteca
Sigla EB2,3ENM
942 ## - Elementos de entrada adicionados (Koha)
Tipo de item no Koha Livro
Exemplares
Situação do levantamento Origin of item (home branch) (coded) Biblioteca de empréstimo Código de barras Cota Circulation type (not for loan) Tipo de documento Nota do exemplar Damaged status
  Biblioteca Escolar Eng. Nuno Mergulhão Biblioteca Escolar Eng. Nuno Mergulhão BENM1032 82LE-3 TWA   Livro Sem mensagem